000 01601nam0a22003131 4500
001 rc\985719
005 20201123173136.0
035 _a(NLR Aleph) 006153307
090 _a5785419
_c5785419
100 _a20041129d1981 u |0rusy50 ca
101 0 _arus
102 _aRU
105 _aa |||||||||
200 1 _aИсследования научно-технических проблем автомобильного транспорта за рубежом
_eОбзор публ. за 1977-1981 гг.
_f[Л.Л. Афанасьев, С.Ю. Либерман]
210 _aМ.
_cЦБНТИ Минавтотранса РСФСР
_d1981
215 _a64 с.
_cил.
_d20
225 1 _aАвтомобильный транспорт
_eОбзор. информ.
_fМ-во автомоб. трансп. РСФСР, ЦБНТИ
_iСерия "Важнейшие научные и научно-технические проблемы"
300 _aАвт. указаны на 2-й с. обл.
320 _aБиблиогр.: с. 55-63 (97 назв.)
320 _aНа обл. только загл. сер.
700 1 _aАфанасьев
_bЛ. Л.
_cд-р техн. наук
_f1912-1982
_gЛеонид Леонидович
_3RU\NLR\AUTH\770223246
701 1 _aЛиберман
_bС. Ю.
712 0 2 _aРСФСР
_bМ-во автомобильного транспорта
_bЦентральное бюро науч.-техн. информации
_3RU\NLR\AUTH\889928719
801 0 _aRU
_bNLR
_gpsbo
801 1 _aRU
_bELAR
_2rusmarc
852 _aNLR
_j82-4/11841
942 _cBOOK
980 _aNB